00693nam a2200229Ia 4500003000900000008004100009040001300050040001300063041000800076100001600084245004400100250001200144260001500156260000900171300001100180300001000191490004600201490000600247942000700253999001700260952018600277IT-RoPAU120407s9999 xx 000 0 und d aIT-RoPAU cIT-RoPAU aita aJuan Alfaro aRivelazione cristiana, fede e teologia. aBrescia aQueriniana c1986 a214 p. c23 cm aBiblioteca di teologia contemporanea, 50 v1 cBK c28916d28916 00102ddc406230_85000000000000071aPAULUSbPAULUSd2012-04-11l0o230.850r2012-04-11 00:00:00w2012-04-11yBKzInserito da: Anna In data: n.d. fondo: Via A.Severo 56 Progr:31237